000 00981nam a2200289Ia 4500
005 20220317000233.0
008 141031s9999 ck 000 0 spa d
020 _a9789707709119
082 0 4 _a581.467
_bY26h
100 1 _aYeon-Ju, Yang
245 1 0 _aHistoria de una semilla
_cYang Yeon-Ju ; ilustraciones Hong Seoung-Ji ; Asesora Eun-Ju Lee
250 _a2a reimpresión
300 _a34 páginas
_bilustraciones en color
_c26 cm.
490 _aClick Click
_aCiencia básica
_aPlantas: Agricultura
534 _tHistory of a seed
650 1 4 _2LEMB
_aLibros ilustrados para niños
650 1 4 _2LEMB
_aAgricultura
_xEnseñanza
650 1 4 _2LEMB
_aSemillas
_xHistoria
700 1 _aSeoung-Ji, Hong
_eilustrador
_99252
700 1 _aLee, Eun-Ju
_easesor
_910639
942 _2ddc
_cBKINF
264 _aMéxico
_bAltea
_c2008
336 _atexto
_btxt
_2rdacontent
337 _asin mediación
_bn
_2rdamedia
338 _avolumen
_bnc
_2rdacarrier
040 _aCO-BoRNBP
_bspa
_erda
_cCO-BoRNBP
999 _c3483
_d3483